| 000 | 00481nam a2200217Ia 4500 | ||
|---|---|---|---|
| 008 | 210210b1947 xxu||||| |||| 00| 0 eng d | ||
| 041 | _aeng | ||
| 082 | _a960/101 | ||
| 100 | _a- | ||
| 245 | _aIAS geography from 1947 to date | ||
| 260 |
_aNew Delhi _bCareers Institute Regd. _c1947 |
||
| 300 | _a23 | ||
| 650 | _ato | ||
| 650 | _aIAS | ||
| 650 | _ageography | ||
| 650 | _afrom | ||
| 650 | _adate | ||
| 650 | _a1947 | ||
| 690 | _aGeneral Knowledge | ||
| 906 | _a002384 | ||
| 999 |
_c122004 _d122004 |
||